| 000 | 00575nam a2200205Ii 4500 | ||
|---|---|---|---|
| 003 | JO-AjNU | ||
| 008 | 230606s9999||||xx |||||||||||||| ||und|| | ||
| 020 | _a978-1-4665-7097-9 | ||
| 040 |
_aJO-AjNU _beng _erda _cJO-AjNU |
||
| 041 | _aeng | ||
| 050 | 1 | 4 | _aQA573.W46.2013 |
| 100 | 3 |
_awenger,Rephael, _eauthor _94797 |
|
| 245 | 0 | 0 | _aiIsosurfaces GEOMETRY TOPOLOGY ALGORITHMS |
| 264 | 3 | 1 | _aCRC,2013 |
| 300 | _a473p | ||
| 336 |
_atext _btxt _2rdacontent |
||
| 337 |
_aunmediated _bn _2rdamedia |
||
| 338 |
_avolume _bnc _2rdacarrier |
||
| 650 | 4 |
_aComputer algorithms. _94798 |
|
| 999 |
_aE2484 _c2482 _d2482 |
||